MARC details
| 000 -LEADER |
| fixed length control field |
01674nam a2200289 a 4500 |
| 008 - FIXED-LENGTH DATA ELEMENTS--GENERAL INFORMATION |
| fixed length control field |
060316s1978 ||||||||||||||||| || u |
| 020 ## - INTERNATIONAL STANDARD BOOK NUMBER |
| International Standard Book Number |
0070637563 |
| 050 ## - LIBRARY OF CONGRESS CALL NUMBER |
| Classification number |
TK 7871.85 Nic |
| 100 ## - MAIN ENTRY--PERSONAL NAME |
| Personal name |
Norris, Bryan |
| 245 10 - TITLE STATEMENT |
| Title |
Microprocessors and microcomputers and switching mode power supplies |
| Statement of responsibility, etc. |
edited by Bryan Norris |
| 260 ## - PUBLICATION, DISTRIBUTION, ETC. |
| Place of publication, distribution, etc. |
New York |
| Name of publisher, distributor, etc. |
McGraw-Hill |
| Date of publication, distribution, etc. |
1978 |
| 300 ## - PHYSICAL DESCRIPTION |
| Extent |
216 p. : ill. |
| 350 ## - |
| -- |
0.00 |
| 490 ## - |
| -- |
Texas Instruments electronics series |
| 500 ## - GENERAL NOTE |
| General note |
Includes bibliographies and index. |
| 650 ## - SUBJECT ADDED ENTRY--TOPICAL TERM |
| Topical term or geographic name entry element |
INTEGRATED CIRCUITS |
| 650 ## - SUBJECT ADDED ENTRY--TOPICAL TERM |
| Topical term or geographic name entry element |
SEMICONDUCTORS |
| 650 ## - SUBJECT ADDED ENTRY--TOPICAL TERM |
| Topical term or geographic name entry element |
MICROCOMPUTERS |
| 650 ## - SUBJECT ADDED ENTRY--TOPICAL TERM |
| Topical term or geographic name entry element |
MICROPROCESSORS |
| 650 ## - SUBJECT ADDED ENTRY--TOPICAL TERM |
| Topical term or geographic name entry element |
ELECTRONIC APPARATUS AND APPLIANCES--POWER SUPPLY |
| 995 ## - |
| -- |
ANNEX COLLECTION (Main Library) |
| -- |
0.00 |
| -- |
711841 |
| -- |
CBU-MAIN LIBRARY (Kitwe) |
| -- |
2 |
| -- |
10.00 |
| -- |
TK 7871.85 Mic |
| -- |
AVAILABLE |
| -- |
016449 |
| -- |
Annex Low-Usage Collection |
| 995 ## - |
| -- |
MAIN LIBRARY OPEN ACCESS |
| -- |
0.00 |
| -- |
711839 |
| -- |
CBU-MAIN LIBRARY (Kitwe) |
| -- |
4 |
| -- |
10.00 |
| -- |
TK 7871.85 Mic |
| -- |
AVAILABLE |
| -- |
016454 |
| -- |
Main Library Open Access Collection |
| 995 ## - |
| -- |
ANNEX COLLECTION (Main Library) |
| -- |
0.00 |
| -- |
714555 |
| -- |
CBU-MAIN LIBRARY (Kitwe) |
| -- |
1 |
| -- |
10.00 |
| -- |
TK 7871.85 Mic |
| -- |
AVAILABLE |
| -- |
016450 |
| -- |
Annex Low-Usage Collection |
| 995 ## - |
| -- |
ANNEX COLLECTION (Main Library) |
| -- |
0.00 |
| -- |
711842 |
| -- |
CBU-MAIN LIBRARY (Kitwe) |
| -- |
3 |
| -- |
10.00 |
| -- |
TK 7871.85 Mic |
| -- |
AVAILABLE |
| -- |
016452 |
| -- |
Annex Low-Usage Collection |
| 995 ## - |
| -- |
ANNEX COLLECTION (Main Library) |
| -- |
0.00 |
| -- |
711840 |
| -- |
CBU-MAIN LIBRARY (Kitwe) |
| -- |
5 |
| -- |
10.00 |
| -- |
TK 7871.85 Mic |
| -- |
AVAILABLE |
| -- |
016453 |
| -- |
Annex Low-Usage Collection |
| 995 ## - |
| -- |
ANNEX COLLECTION (Main Library) |
| -- |
0.00 |
| -- |
713773 |
| -- |
CBU-MAIN LIBRARY (Kitwe) |
| -- |
6 |
| -- |
10.00 |
| -- |
TK 7871.85 Mic |
| -- |
AVAILABLE |
| -- |
016451 |
| -- |
Annex Low-Usage Collection |
| 999 ## - |
| -- |
82928 |
| -- |
82928 |